| 000 | 01503nam a2200265 i 4500 | ||
|---|---|---|---|
| 003 | DO-SdBNP | ||
| 005 | 20250701121838.0 | ||
| 006 | a||||fr|||| 00| 0 | ||
| 007 | ta | ||
| 008 | 230920e2007 dr ad||| |||| 00| 0 spa d | ||
| 040 |
_aDO-SdBNP _bspa` _cBNPHU _erda |
||
| 082 | 4 |
_222 _bR426p |
|
| 110 | 1 |
_aRepública Dominicana. _bSecretaría de Estado de Educación Superior, Ciencia y Tecnología _eautor _918778 |
|
| 245 | 1 | 0 |
_aForo presidencial por la excelencia de la educación: _csituación y perspectiva de las bibiotecas y centros de documentación superior dominicana. / |
| 264 | 1 |
_aSanto Domingo : _bSnejanka Penkova, _bUNAPEC, _c2007 |
|
| 300 |
_a79 páginas : _bIlustraciones, gráficas ; _c23 cm. |
||
| 336 |
_2rdacontent _atexto _btxt |
||
| 337 |
_2rdamedia _asin mediación _bn |
||
| 338 |
_2rdacarrier _avolumen _bnc |
||
| 500 | _aMesa de trabajo de la SEESCyT. | ||
| 505 |
_aIntroducción _tMetodología del trabajo.-- _tResultados de la encuesta.-- _tAnálisis FODA.-- _tConclusiones y recomendaciones.-- _tAnexo 1: Lista de las bibliotecas universitarias que contestaron la encuesta.-- _tAnexo 2: Lista de participantes de la sección de los grupos focales.-- _tAnexo 3: Foro Presidencial por la Excelencia de la Educación Mesa de trabajo No. 31-- _tAnexó 4: Situación y perspectivas de la administración de la Educación Superior. |
||
| 590 | _aInventariado 2023 / MF | ||
| 710 |
_aUniversidad Acción Pro-Educación y Cultura UNAPEC (República Dominicana) _92830 |
||
| 942 |
_2ddc _cLBS1 |
||
| 999 |
_c54872 _d54872 |
||